| 000 | 00623nam a2200193Ia 4500 | ||
|---|---|---|---|
| 999 |
_c14338 _d14338 |
||
| 082 | _aTA.0276 | ||
| 100 | _aAnand, Tulika | ||
| 245 | 0 | _aFunctional hemisphere asymmetry, inter-hemispheric transfer of information in high and low emotionally intellegent individuals | |
| 260 |
_c2005 _bD.D.U. Gorakhpur University, Gorakhpur |
||
| 300 | _a238 | ||
| 504 | _aincludes bibliography | ||
| 650 | _aEmotional intelligence | ||
| 650 | _aAdlerian psychology | ||
| 650 | _aPsychological tests | ||
| 650 | _aLaterality | ||
| 650 |
_aInformation science _vPsychological aspects |
||
| 710 | _aPandey, Rakesh | ||
| 942 |
_cTH _2ddc |
||